Mexican States - Sudden Death - Statistics

General Stats
  • This quiz has been taken 166 times
  • The average score is 15 of 20
Answers on the Grid
Answers color-coded by a green-red scale on the quiz's grid according to % correct below.
Veracruz
Sonora
Sinaloa
Durango
Coahuila
Chihuahua
Zacatecas
Nayarit
Guerrero
Jalisco
Colima
Oaxaca
Chiapas
Tabasco
Yucatán
Tamaulipas
Guanajuato
Querétaro
Michoacán
Puebla
Pará
Rio Grande do Sul
Acre
Roraima
Guatemala
Catamarca
Chaco
Tierra del Fuego
Luzon
Asturias
Cantabria
Calabria
Campania
Belize
Hispaniola
Quebec
 
Answer Stats
Answer % Correct
Chihuahua
82%
Oaxaca
81%
Yucatán
81%
Veracruz
79%
Puebla
76%
Tamaulipas
75%
Durango
74%
Jalisco
74%
Sonora
74%
Tabasco
74%
Chiapas
73%
Coahuila
73%
Guerrero
73%
Sinaloa
73%
Guanajuato
72%
Michoacán
72%
Querétaro
71%
Zacatecas
71%
Colima
68%
Nayarit
64%
No matching quizzes found
Score Distribution
Percent of People with Each Score
Percentile by Number Answered
Your Score History
You have not taken this quiz